Making Compound Words A-Z Quiz Stats

 Plays Quiz Updated Jun 7, 2019

Score 0/25 Timer 05:00
1 Play Today
Phrase Word % Correct
Happily ever ____afterthought
96.2%
It's not ____ surgery!brainstorm
89.2%
____ Skywalkerlukewarm
89.2%
____ of all tradesjackknife
88.6%
Give an ____ and they'll take a mileinchworm
88.6%
Land of milk and ____honeymoon
87.6%
Fine-____ combtoothpick
84.3%
Truth or ____daredevil
83.7%
____ your shirt on!keepsake
83.3%
____ of Ceremoniesmasterpiece
83.3%
____ Pounder with cheesequarterback
82.9%
Eat your heart ____outspoken
82.7%
Keep on the ____ and narrowstraightforward
82.1%
Phrase Word % Correct
Seven ____ itchyearbook
79.1%
Not all it's cracked ____ to beupset
78.3%
Don't put the ____ before the horsecartwheel
77.2%
Hit the ____ runninggroundbreaking
77.2%
Hard- or soft-boiled ____eggplant
71%
____ the white flagwavelength
66.5%
Ships that ____ in the nightpassword
65.8%
A ____ by any other namerosemary
65.2%
____ versaviceroy
63.1%
All the ____ that's fit to printnewsletter
61.4%
The monkeys are running the ____zookeepers
57.4%
___ and aftforeshadow
55.3%

You're not logged in!

Compare scores with friends on all Sporcle quizzes.
OR
Log In

Sporcle TV

Today on Sporcle TV


Watch our educational content, quiz creation guides, and fun videos on Sporcle TV.

Show Comments

Extras

Top Quizzes Today


Score Distribution

Your Account Isn't Verified!

In order to create a playlist on Sporcle, you need to verify the email address you used during registration. Go to your Sporcle Settings to finish the process.

Report this User

Report this user for behavior that violates our Community Guidelines.

Details: